| 000 | 01096nam0a22002531 4500 | ||
|---|---|---|---|
| 001 | rc\816190 | ||
| 005 | 20041129091320.9 | ||
| 035 | _a(NLR Aleph) 005999156 | ||
| 090 |
_a7209960 _c7209960 |
||
| 100 | _a20041129d1984 u |0rusy50 ca | ||
| 101 | 0 | _arus | |
| 102 | _aRU | ||
| 105 | _aa ||||||||| | ||
| 200 | 1 |
_aПрименение комплекса геофизических методов для прогнозирования разреза и его нефтегазоносности в условиях прибортовой зоны Прикаспийской впадины _fПод ред. В.В. Тикшаева |
|
| 210 |
_aСаратов _cИзд-во Сарат. ун-та _d1984 |
||
| 215 |
_a156 с., 1 отд. л. схем. _cил. _d20 |
||
| 300 | _aВ надзаг.: Ниж.-Волж. НИИ геологии и геофизики | ||
| 320 | _aБиблиогр.: с. 144-155 | ||
| 700 | 1 |
_aШестюк _bВ. А. _gВладлен Александрович |
|
| 801 | 0 |
_aRU _bNLR _gpsbo |
|
| 801 | 1 |
_aRU _bELAR _2rusmarc |
|
| 852 |
_aNLR _j85-3/3995 |
||
| 942 | _cBOOK | ||
| 980 | _aNB | ||